[Event "AUTO-ADV-3299"]
[Site "http://www.queenalice.com/game.php?id=1324895"]
[Date "2014.11.28"]
[Round "1"]
[White "r_maltz"]
[Black "Corvidae"]
[Result "1-0"]
[WhiteElo "1935"]
[BlackElo "1874"]

1. d4 Nf6 2. c4 e6 3. Nc3 Bb4 4. g3 c5 5. Nf3 d6 6. Bg2 Nc6 7. O-O Bxc3 8. bxc3
b6 9. d5 exd5 10. cxd5 Ne7 11. c4 h6 12. Qc2 a5 13. e4 O-O 14. Bb2 Nh7 15. Nh4
f6 16. f4 Ra7 17. Rae1 Bg4 18. h3 Bh5 19. e5 f5 20. e6 Ng6 21. Nxf5 Ne7 22. Nxg7
Bg6 23. Be4 Bxe4 24. Qxe4 1-0

[Event "AUTO-ADV-3299"]
[Site "http://www.queenalice.com/game.php?id=1324896"]
[Date "2014.11.28"]
[Round "1"]
[White "Corvidae"]
[Black "r_maltz"]
[Result "1-0"]
[WhiteElo "1860"]
[BlackElo "1949"]

1. d4 e6 2. c4 b6 3. a3 Bb7 4. Nc3 f5 5. Bf4 Nf6 6. e3 Bd6 7. Bxd6 cxd6 8. Nf3
O-O 9. Be2 Na6 10. O-O Rc8 11. Bd3 d5 12. cxd5 Nxd5 13. Nxd5 exd5 14. Rc1 Nc7
15. g3 d6 16. Nd2 Bc6 17. Rxc6 Qd7 18. Rc3 g6 19. Qb3 Qf7 20. Rfc1 h5 21. Nf3
Qe7 22. Nh4 Kh7 23. Ba6 g5 24. Nf3 g4 25. Bxc8 Rxc8 26. Nh4 Qf7 27. Nxf5 1-0

[Event "AUTO-MASTER-2200"]
[Site "http://www.queenalice.com/game.php?id=1324943"]
[Date "2014.11.28"]
[Round "1"]
[White "r_maltz"]
[Black "Yran"]
[Result "0-1"]
[WhiteElo "1951"]
[BlackElo "2180"]

1. d4 Nf6 2. Bg5 d5 3. Bxf6 exf6 4. e3 Be6 5. Bd3 Bd6 6. Qf3 a6 7. Nc3 Nc6 8.
Nge2 Ne7 9. a3 Qd7 10. h3 c6 11. O-O-O O-O-O 12. Na4 Qc7 13. e4 Kb8 14. Rhe1
dxe4 15. Bxe4 Nd5 16. b4 Rhe8 17. Bxh7 g6 18. c4 Nf4 19. c5 Nxe2+ 20. Rxe2 Bd5
21. cxd6 Bxf3 22. dxc7+ Kxc7 23. Rxe8 Rxe8 24. gxf3 Rh8 25. Bxg6 fxg6 26. Rh1
Rh4 27. Nc5 b6 28. Ne4 f5 29. Ng5 Kd6 30. Re1 Rxd4 31. Re6+ Kd5 32. Rxg6 a5 0-1

[Event "AUTO-MASTER-2200"]
[Site "http://www.queenalice.com/game.php?id=1324944"]
[Date "2014.11.28"]
[Round "1"]
[White "Yran"]
[Black "r_maltz"]
[Result "1-0"]
[WhiteElo "2122"]
[BlackElo "1929"]

1. Nf3 c5 2. d4 b6 3. e4 Bb7 4. Nc3 cxd4 5. Nxd4 e5 6. Nf5 g6 7. Nd6+ Bxd6 8.
Qxd6 Nc6 9. Be3 f6 10. O-O-O Nge7 11. Qxf6 Rf8 12. Qh4 a6 13. Be2 1-0

[Event "AUTO-MASTER-2200"]
[Site "http://www.queenalice.com/game.php?id=1324945"]
[Date "2014.11.28"]
[Round "1"]
[White "r_maltz"]
[Black "wedsm"]
[Result "1-0"]
[WhiteElo "1948"]
[BlackElo "2114"]

1. d4 Nf6 2. c4 c5 3. e3 g6 4. Nf3 Bg7 5. Nc3 O-O 6. Be2 cxd4 7. exd4 d5 8. O-O
Nc6 9. h3 Be6 10. b3 a6 11. Bb2 Qa5 12. Ne5 Rfd8 13. Na4 Nxe5 14. dxe5 dxc4 15.
Qc2 Rd2 16. Qc3 Qxc3 17. Bxc3 Rxe2 18. exf6 Bxf6 19. Bxf6 exf6 20. Nb6 Rd8 21.
bxc4 Rdd2 22. a3 Rc2 23. Rac1 Rb2 24. c5 Bf5 25. Rc3 Be4 26. Rg3 h5 27. f3 Bc6
28. Rd1 1-0

[Event "AUTO-MASTER-2200"]
[Site "http://www.queenalice.com/game.php?id=1324946"]
[Date "2014.11.28"]
[Round "1"]
[White "wedsm"]
[Black "r_maltz"]
[Result "1-0"]
[WhiteElo "2129"]
[BlackElo "1972"]

1. c4 e5 2. g3 Nc6 3. Bg2 g6 4. Nc3 Bg7 5. d3 Nf6 6. Nf3 O-O 7. O-O d6 8. Rb1
Bg4 9. b4 Re8 10. b5 Nd4 11. e3 Ne6 12. h3 Bxf3 13. Qxf3 Nc5 14. e4 h6 15. g4 g5
16. Rd1 c6 17. a4 Qa5 18. Bd2 Rac8 19. Nd5 Qd8 20. bxc6 bxc6 21. Nc3 Ne6 22. Ne2
Nd7 23. Rb7 Rc7 24. Ba5 Nb6 25. Bxb6 axb6 26. Rxb6 Qa8 27. Ra1 Qa5 28. Rab1 Nc5
29. Rb8 Rcc8 30. R1b7 Nxb7 31. Rxb7 Rc7 32. Rxc7 Qxc7 33. Ng3 Ra8 34. Nh5 Qe7
35. Qd1 Qa7 36. a5 Qxa5 37. Kh2 Qc3 38. Qf3 Qd2 39. h4 Ra2 40. hxg5 Qxg5 41. Kh3
Bf8 42. Nf6+ Kg7 43. Ne8+ Kg8 44. Nf6+ Kg7 45. Nh5+ Kg6 46. d4 d5 47. exd5 Ra3
48. Qxa3 Bxa3 49. Be4+ 1-0

[Event "AUTO-MASTER-2200"]
[Site "http://www.queenalice.com/game.php?id=1324947"]
[Date "2014.11.28"]
[Round "1"]
[White "r_maltz"]
[Black "jartuga99"]
[Result "0-1"]
[WhiteElo "1971"]
[BlackElo "1894"]

1. d4 Nf6 2. Bg5 e6 3. e3 c6 4. Nd2 d5 5. c3 b5 6. Ngf3 Be7 7. Bd3 O-O 8. Qc2 g6
9. Ne5 Ne4 10. Bxe7 Qxe7 11. Nxe4 dxe4 12. Bxe4 Bb7 13. O-O f6 14. Nd3 Nd7 15.
Nf4 e5 16. Qb3+ Qf7 17. Ne6 Rfc8 18. f4 exf4 19. Rxf4 a5 20. Nc5 Nxc5 21. dxc5
Qxb3 22. axb3 f5 23. Bf3 Rf8 24. Rd1 Rad8 25. Rdd4 Kg7 26. Rd6 Rxd6 27. cxd6 Rd8
28. Rd4 Kf6 29. c4 c5 30. Rh4 Bxf3 31. gxf3 h5 32. e4 Kg5 33. Rh3 f4 34. e5 Kf5
35. b4 axb4 36. b3 bxc4 37. bxc4 b3 0-1

[Event "AUTO-MASTER-2200"]
[Site "http://www.queenalice.com/game.php?id=1324948"]
[Date "2014.11.28"]
[Round "1"]
[White "jartuga99"]
[Black "r_maltz"]
[Result "0-1"]
[WhiteElo "2015"]
[BlackElo "1948"]

1. e4 Nf6 2. d3 d6 3. f4 g6 4. h3 Bg7 5. Nf3 e6 6. Be3 Nc6 7. Be2 O-O 8. O-O
Nxe4 9. c3 Ng3 10. Re1 e5 11. Kh2 Nf5 12. Bc1 Re8 13. Ng5 exf4 14. Bxf4 Be5 15.
Bxe5 Nxe5 16. Qc1 Nxd3 17. Bxd3 Rxe1 18. Qxe1 Qxg5 19. Bxf5 Bxf5 20. Nd2 Be6 21.
Nf3 Qb5 22. Qf2 c5 23. a4 Qd3 24. Rf1 Bb3 25. Ng5 f5 26. a5 h6 27. Nf3 Re8 28.
Ng1 Bd5 29. Re1 Rxe1 30. Qxe1 Qe4 31. Qxe4 fxe4 32. Ne2 Kf7 33. Nf4 e3 34. Kg3
Be4 35. Ne2 g5 36. b4 b6 37. Ng1 h5 38. h4 Kf6 39. hxg5+ Kxg5 40. Nh3+ Kf5 41.
Ng1 d5 42. Ne2 Kg5 43. Kh2 Kg4 44. Kg1 Bd3 45. Kf1 Bxe2+ 46. Kxe2 Kf4 47. Kd3 d4
48. a6 h4 49. Kc4 e2 50. bxc5 bxc5 51. cxd4 cxd4 0-1

[Event "AUTO-ADV-3326"]
[Site "http://www.queenalice.com/game.php?id=1332017"]
[Date "2015.1.1"]
[Round "1"]
[White "MariusLola"]
[Black "r_maltz"]
[Result "0-1"]
[WhiteElo "1816"]
[BlackElo "1963"]

1. d4 e6 2. c4 b6 3. e4 Bb7 4. Bd3 f5 5. exf5 Bxg2 6. f3 Qh4+ 7. Kd2 Bb4+ 8. Nc3
Bxh1 9. Be4 Qf2+ 10. Kd3 Nc6 11. Nge2 Bxf3 12. Be3 Bxe4+ 13. Nxe4 Qxf5 14. Ng3
Qg6 15. a3 Be7 16. Qf3 Nf6 17. Rg1 d5 18. Ne2 dxe4+ 0-1

[Event "AUTO-ADV-3326"]
[Site "http://www.queenalice.com/game.php?id=1332018"]
[Date "2015.1.1"]
[Round "1"]
[White "r_maltz"]
[Black "MariusLola"]
[Result "0-1"]
[WhiteElo "1967"]
[BlackElo "1880"]

1. d4 d5 2. c4 c6 3. Nc3 dxc4 4. e4 b5 5. Nf3 e6 6. Be2 Bb4 7. O-O Ne7 8. Qc2
O-O 9. Bg5 Nd7 10. Rad1 Bxc3 11. bxc3 f6 12. Bh4 Ng6 13. Bg3 Re8 14. Bd6 Nb6 15.
e5 Bd7 16. Rfe1 Nc8 17. Bc5 Qc7 18. g3 fxe5 19. dxe5 Nxe5 20. Ng5 g6 21. Bh5 Ne7
22. Bd6 Nf3+ 23. Nxf3 Qd8 24. Ng5 Nf5 25. Bxg6 hxg6 26. g4 Qxg5 27. Qe4 Ng7 28.
Bc5 Qxc5 29. Rxd7 Qg5 30. h3 Rf8 31. Qxc6 Qf4 32. Re2 a6 33. Kg2 Rac8 34. Qb7
Qf6 35. Qxa6 Qf3+ 36. Kf1 Qh1# 0-1

[Event "AUTO-ADV-3326"]
[Site "http://www.queenalice.com/game.php?id=1332031"]
[Date "2015.1.1"]
[Round "1"]
[White "luiz_gustavo"]
[Black "r_maltz"]
[Result "0-1"]
[WhiteElo "1833"]
[BlackElo "1944"]

1. e4 Nf6 2. Nc3 e5 3. Nf3 Nc6 4. Bb5 Nd4 5. Bc4 Bc5 6. d3 h6 7. Nxd4 Bxd4 8.
Bd2 d6 9. h3 Be6 10. Bxe6 fxe6 11. O-O d5 12. Re1 O-O 13. Rb1 Nxe4 14. Nxe4 dxe4
15. Be3 exd3 16. cxd3 Qd5 17. b3 Rf6 18. Qg4 Raf8 19. Qg3 Rf5 20. Rbc1 Bxe3 21.
Rxe3 Rxf2 22. Rxc7 g5 23. h4 R8f5 24. Rc8+ Kf7 25. hxg5 Rf1+ 26. Kh2 Rxg5 27.
Rf3+ Kg7 28. Rc7+ Kg6 29. Qh4 Rxf3 30. gxf3 Rh5 31. Rg7+ Kxg7 32. Qxh5 Qxd3 33.
Qxe5+ Kf7 34. Qc7+ Kf6 35. Qf4+ Kg7 36. Qc7+ Kg6 37. Qg3+ Kf6 38. Qf4+ Kg6 39.
Qg3+ Kf5 40. Qg4+ Ke5 41. Qg7+ Kf4 42. Qxh6+ Kxf3 43. Qh3+ Ke2 44. Qxe6+ Kd2 45.
Qh6+ Kc2 46. Qg7 Qd5 47. Kh3 Kb1 48. Qg1+ Kxa2 49. Qxa7+ Kxb3 50. Qe3+ Kc4 51.
Qc1+ Kb5 52. Qf1+ Kc6 53. Qc1+ Kd7 54. Kg3 b5 55. Kf2 b4 56. Ke2 Kd6 57. Qd2
Qxd2+ 58. Kxd2 Kc5 0-1

[Event "AUTO-ADV-3326"]
[Site "http://www.queenalice.com/game.php?id=1332032"]
[Date "2015.1.1"]
[Round "1"]
[White "r_maltz"]
[Black "luiz_gustavo"]
[Result "1-0"]
[WhiteElo "1935"]
[BlackElo "1851"]

1. d4 d5 2. c4 c6 3. Nc3 Nf6 4. Nf3 Bf5 5. e3 Nbd7 6. Bd3 Bxd3 7. Qxd3 e6 8. e4
Bb4 9. cxd5 cxd5 10. exd5 Nxd5 11. O-O Bxc3 12. bxc3 O-O 13. Re1 Rc8 14. Bd2
N7b6 15. Rac1 Nc4 16. Ng5 g6 17. Ne4 b6 18. Qh3 Nxd2 19. Nxd2 Nf4 20. Qf3 Qg5
21. Ne4 Qf5 22. Nd6 Nh3+ 23. Qxh3 Qxh3 24. gxh3 Rc6 25. Ne4 f5 26. Ng5 Re8 27.
d5 Rd6 28. dxe6 Kg7 29. Re5 h6 30. Nf7 Rdxe6 31. Rxe6 Rxe6 32. Nd8 Rd6 33. Re1
Rxd8 34. Re7+ Kf6 35. Rxa7 Rc8 36. Ra6 Rxc3 37. Rxb6+ Kg5 38. Rb4 Rxh3 39. a4
Ra3 40. Kg2 f4 41. f3 Ra2+ 42. Kh3 h5 43. Rb5+ Kh6 44. a5 Rf2 45. Rb3 h4 46. Ra3
g5 47. a6 1-0

[Event "AUTO-MASTER-2219"]
[Site "http://www.queenalice.com/game.php?id=1332048"]
[Date "2015.1.1"]
[Round "1"]
[White "bouley"]
[Black "r_maltz"]
[Result "1-0"]
[WhiteElo "2136"]
[BlackElo "1982"]

1. e4 Nf6 2. e5 Nd5 3. d4 Nc6 4. Nf3 e6 5. c4 Nb6 6. Nc3 Bb4 7. Bd3 d6 8. exd6
cxd6 9. O-O h6 10. Re1 O-O 11. a3 Bxc3 12. bxc3 Qc7 13. Bf4 Nd8 14. Qe2 Na4 15.
Qc2 Qd7 16. Bxd6 Re8 17. c5 b5 18. Ne5 Qb7 19. Be4 Qa6 20. Bxa8 Nb7 21. Bxb7
Bxb7 22. c4 bxc4 23. Qxc4 Qxc4 24. Nxc4 Rd8 25. Rab1 Bd5 26. Ne3 Nc3 27. Rb8 1-0

[Event "AUTO-MASTER-2219"]
[Site "http://www.queenalice.com/game.php?id=1332049"]
[Date "2015.1.1"]
[Round "1"]
[White "r_maltz"]
[Black "bouley"]
[Result "1/2-1/2"]
[WhiteElo "1924"]
[BlackElo "2197"]

1. d4 Nf6 2. c4 e6 3. Nc3 Bb4 4. Bd2 O-O 5. Nf3 Nc6 6. e3 d5 7. a3 Bxc3 8. bxc3
Ne4 9. Bd3 f5 10. O-O Bd7 11. cxd5 exd5 12. Qb3 Bc8 13. c4 Nxd2 14. Nxd2 Na5 15.
Qc2 Be6 16. f4 c6 17. Rae1 b6 18. c5 bxc5 19. Qxc5 Qc7 20. Rf3 Nb7 21. Qc3 Na5
22. Rg3 Rab8 23. Bc2 Rfc8 24. Nf3 Nc4 25. Nh4 Nd6 26. Nf3 Ne4 27. Bxe4 dxe4 28.
Ne5 Rb3 29. Qc5 Rb5 30. Qc2 Kh8 31. Rc1 Rb6 32. Rg5 g6 33. Rg3 Qb7 34. Rh3 Kg7
35. Qf2 Rb1 36. Re1 Rxe1+ 37. Qxe1 Qb3 38. Qh4 Qd1+ 39. Kf2 Qd2+ 40. Kg1 Qd1+
41. Kf2 Qd2+ 42. Kf1 Qd1+ 1/2-1/2

[Event "AUTO-MASTER-2219"]
[Site "http://www.queenalice.com/game.php?id=1332064"]
[Date "2015.1.1"]
[Round "1"]
[White "toinhoxdz"]
[Black "r_maltz"]
[Result "1-0"]
[WhiteElo "2251"]
[BlackElo "1903"]

1. b3 e5 2. Bb2 Nc6 3. e3 Nf6 4. Nf3 d6 5. d4 Bg4 6. h3 Bf5 7. Bb5 exd4 8. Nxd4
Bd7 9. O-O Nxd4 10. Bxd7+ Qxd7 11. Qxd4 Be7 12. c4 c5 13. Qf4 O-O-O 14. Rd1 Rhe8
15. Nc3 h6 16. Nd5 Nxd5 17. Rxd5 Bf8 18. Bc3 1-0

[Event "AUTO-MASTER-2219"]
[Site "http://www.queenalice.com/game.php?id=1332065"]
[Date "2015.1.1"]
[Round "1"]
[White "r_maltz"]
[Black "toinhoxdz"]
[Result "0-1"]
[WhiteElo "1901"]
[BlackElo "2253"]

1. d4 g6 2. Nf3 Nf6 3. Bg5 Bg7 4. Nbd2 O-O 5. c3 d5 6. e3 h6 7. Bf4 Nh5 8. Bg3
Nxg3 9. hxg3 Nd7 10. Qb3 c6 11. Bd3 Re8 12. O-O-O a5 13. e4 a4 14. Qb4 Bf8 15.
c4 e5 16. Qc3 exd4 17. Nxd4 a3 0-1

[Event "AUTO-MASTER-2219"]
[Site "http://www.queenalice.com/game.php?id=1332075"]
[Date "2015.1.1"]
[Round "1"]
[White "Hagel"]
[Black "r_maltz"]
[Result "1-0"]
[WhiteElo "2193"]
[BlackElo "1958"]

1. e4 Nf6 2. d3 e5 3. f4 d6 4. Nf3 Bg4 5. Be2 c5 6. fxe5 Bxf3 7. Bxf3 dxe5 8. c3
Nbd7 9. O-O Be7 10. Na3 O-O 11. Nc4 Rc8 12. Ne3 Qb6 13. c4 Rfe8 14. Nd5 Nxd5 15.
exd5 Bd6 16. Be4 Nf6 17. Rxf6 gxf6 18. Bh6 f5 19. Bxf5 Bf8 20. Qg4+ Kh8 21. Bxf8
Rxf8 22. Bxc8 Qxb2 23. Rf1 Rg8 24. Qh3 Qd4+ 25. Kh1 Rg5 26. Bf5 h5 27. Be4 f6
28. Qd7 Rg7 29. Qd8+ 1-0

[Event "AUTO-MASTER-2219"]
[Site "http://www.queenalice.com/game.php?id=1332076"]
[Date "2015.1.1"]
[Round "1"]
[White "r_maltz"]
[Black "Hagel"]
[Result "0-1"]
[WhiteElo "1929"]
[BlackElo "2193"]

1. d4 d5 2. c4 dxc4 3. e4 e5 4. Nf3 exd4 5. Bxc4 Nc6 6. O-O Be7 7. Re1 Be6 8.
Bxe6 fxe6 9. Bf4 Nf6 10. e5 Nd5 11. Bg3 Bc5 12. a3 a5 13. Qd3 Qd7 14. Nbd2 a4
15. Rac1 Bb6 0-1